| 000 | 00486nam a2200193Ia 4500 | ||
|---|---|---|---|
| 008 | 151121s9999||||xx |||||||||||||| ||und|| | ||
| 082 | _a364/JON | ||
| 082 | _bHNW-51251 | ||
| 100 | _aJones Howard | ||
| 245 | _aCrime In A Changing Society | ||
| 260 | _b"Penguin Books, Englandą„¤" | ||
| 260 | _c-- | ||
| 300 | _a173 | ||
| 600 | _aJones Howard | ||
| 630 | _aCrime In A Changing Society | ||
| 700 | _aJones Howard | ||
| 730 | _aCrime In A Changing Society | ||
| 942 | _cBOOK | ||
| 999 |
_c1235700 _d1235697 |
||